Govt. of
Madhya Pradesh

English Literature medieval (Record no. 36468)

MARC details
000 -LEADER
fixed length control field 004250000a22001690004500
003 - CONTROL NUMBER IDENTIFIER
control field MACL
005 - DATE AND TIME OF LATEST TRANSACTION
control field 20160102162329.0
008 - FIXED-LENGTH DATA ELEMENTS--GENERAL INFORMATION
fixed length control field 160102b xxu||||| |||| 00| 0 eng d
040 ## - CATALOGING SOURCE
Original cataloging agency MACL
Transcribing agency MACL
041 ## - LANGUAGE CODE
Language code of text/sound track or separate title English
082 ## - DEWEY DECIMAL CLASSIFICATION NUMBER
Classification number 820/KER
100 ## - MAIN ENTRY--PERSONAL NAME
Personal name Ker, W P
9 (RLIN) 27341
245 ## - TITLE STATEMENT
Title English Literature medieval
260 ## - PUBLICATION, DISTRIBUTION, ETC. (IMPRINT)
Name of publisher, distributor, etc. Williams and Norgate
Place of publication, distribution, etc. London
650 ## - SUBJECT ADDED ENTRY--TOPICAL TERM
Topical term or geographic name as entry element English Literature
9 (RLIN) 27342
942 ## - ADDED ENTRY ELEMENTS (KOHA)
Koha item type Books
Call number prefix 820/KER
Source of classification or shelving scheme
Holdings
Withdrawn status Lost status Source of classification or shelving scheme Damaged status Not for loan Home library Current library Date acquired Total Checkouts Full call number Barcode Date last seen Uniform Resource Identifier Price effective from Koha item type
          MACL MACL 15/04/2015   820/KER CLE012694 29/04/2015 36679 15/04/2015 Books